Autobús : modelo AB : con aisladores contra choques modelo AB :
Descripción Física:
56 p. : il. ; 30 cm
Materias:
Autobusos -- Catàlegs
MARC
| LEADER | 00000nam a2200000Ia 4500 | ||
|---|---|---|---|
| 001 | 22758 | ||
| 008 | 160829s9999 xx 000 0 cat d | ||
| 080 | |a C-3-308 | ||
| 245 | |a Autobús : |b modelo AB : |b con aisladores contra choques | ||
| 260 | |a Nueva York : |b Mack Trucks, [192- ?] | ||
| 300 | |a 56 p. : |b il. ; |c 30 cm | ||
| 590 | |a A la coberta: Mack, catálogo no. 95. | ||
| 590 | |a Prové de Q-501 | ||
| 650 | |a Autobusos |x Catàlegs |9 47776 | ||
| 901 | |a Arxiu | ||
| 942 | |n 1 | ||
| 952 | |0 0 |1 0 |4 0 |6 C3308 |7 1 |9 54095 |a Arxiu |b Arxiu |d 2016-12-01 |l 0 |o C-3-308 |p 22758 |r 2016-12-01 00:00:00 |w 2016-12-01 |y ARXIU | ||
| 999 | |c 57963 |d 57963 | ||